Yo-kai 3ème génération (ykw3) - Statistiques

Statistiques générales
  • Ce quiz a été pris 9 fois
  • Le résultat moyen est 12 sur 261
Statistiques - réponses
Hint Réponse % Correct
1 Loupépin
80%
256 Nyanses II
40%
179 Platinos
40%
215 Zazel
40%
214 Amb. Charme
20%
2 Antitaie
20%
230 Aristocorniot
20%
183 Asura
20%
64 Bambinflammable
20%
228 Baratina
20%
226 Bastetnyan
20%
107 Bazaronin
20%
4 Caliméballe
20%
258 Cocasspied
20%
218 Coco Barjo
20%
182 Corailline
20%
177 Der. Nyanmuraï
20%
234 Domniscian 2.0
20%
259 El Dragonor
20%
235 Enma l'ancien
20%
68 Ficheline
20%
113 Flagesté
20%
225 Génie du rire
20%
241 Glapie
20%
239 Gromel
20%
253 Indiana Jaws
20%
229 Institutours
20%
69 Kay Mandeuse
20%
227 Komanubis
20%
178 Komastar
20%
24 Lord Écibel
20%
231 Mégalopaul
20%
78 Mog-nyan
20%
254 M. Spioche
20%
257 Néfertyrannie
20%
90 Optimiss
20%
180 Papi Taliste
20%
85 Papi XXL
20%
260 Phémniscian
20%
195 Robonyan ultime
20%
232 Roi Pourkoidon
20%
181 Saincope
20%
235 Sgr. Enma 2.0
20%
237 Shivatenguerre
20%
236 Somnoracle
20%
222 Sorcophage
20%
184 Terminyanator
20%
245 Turboss
20%
240 Vociféro
20%
80 Wibblekoma
20%
79 Wobblenyan
20%
233 Zazel le bon
20%
255 Zombigoût
20%
242 Affolanterne
0%
88 Afronaute
0%
159 Agraisseur
0%
206 Ailexagère
0%
52 Aloyau 1er
0%
246 Alpinella
0%
50 Andrécup
0%
84 Ange Garudien
0%
87 Antoilette
0%
32 Aramis Terr
0%
108 Arbrézo
0%
109 Arbrézo Social
0%
204 Arthlaitue
0%
167 As de Nyan
0%
105 Auberchouine
0%
45 Axélérator
0%
62 Bambincroyable
0%
63 Bambinsupprtable
0%
9 Barbokai
0%
151 Barbuzz
0%
5 Battant
0%
91 Benjirouette
0%
169 Benzaiten
0%
44 Big O'max
0%
173 Bishamonten
0%
36 Blanche Hase
0%
86 Bleun. De bain
0%
248 Blizzie
0%
11 Bodruche
0%
21 Boulet frit
0%
14 Bradguette
0%
43 Bricolos
0%
128 Carquentin
0%
153 Catastrosaure
0%
150 Céfasslopode
0%
209 Céodieux
0%
174 Chagellan
0%
40 Chameuhllow
0%
89 Charivariz
0%
116 Charlognard
0%
158 Chocobananar
0%
77 Chocobo-nyan
0%
92 Clic-bull
0%
26 Crâneidoscope
0%
131 Crassiella
0%
125 Cravat'en
0%
155 Criquetif
0%
18 Curryeux
0%
19 Curryogi
0%
238 Cymbaline
0%
93 Dagamberge
0%
171 Daikokuten
0%
164 Dame Usapyon
0%
203 Deadcool
0%
38 Dépotache
0%
126 Déshirley
0%
144 Diablotine
0%
166 Dix de Komajiro
0%
123 Dr. Crépuscule
0%
122 Dr. Néant
0%
16 Duc Delafeuille
0%
172 Ebisu
0%
149 Ébobby
0%
60 Éclopain
0%
33 Eddylapid
0%
7 El Gallardo
0%
55 El Squalator
0%
252 Enma Funèbre
0%
251 Enma Infini
0%
250 Enma Solaire
0%
124 Entour'Hâtila
0%
160 Entraînette
0%
22 Épigerien
0%
67 Erzestine
0%
146 Escarcool
0%
217 Escoffregriffe
0%
114 Escrocorico
0%
74 Espreschiot
0%
205 Fantimoré
0%
76 Faustille
0%
17 Feuildechou
0%
56 Flèche d'azur
0%
101 Fluorence
0%
75 Fortuné
0%
94 Fourchelangue
0%
221 Fukurokuju
0%
154 Godichezilla
0%
39 Graffaël
0%
8 Gran. Gallardo
0%
121 Grolos
0%
190 Grovide
0%
213 Guillautin
0%
112 Hacksel
0%
140 Hadespote
0%
189 Haltela
0%
244 Hiivon
0%
143 Horridjinn
0%
170 Hotei
0%
187 Hovernyan Cao Cao
0%
186 Hovernyan S
0%
31 Imadjinn
0%
111 Indexter
0%
100 Javabien
0%
138 Javamal
0%
141 Jean-Mèchel
0%
65 Jeniflair
0%
70 Jibanyan Liu Bei
0%
200 Jibanyan T
0%
168 Josper
0%
220 Jurojin
0%
211 Justic.Komasq.
0%
249 KJ
0%
199 Koalanyan
0%
23 Koeud
0%
71 Komasan Sun Ce
0%
201 Komasan T
0%
194 Kyubot
0%
20 Lescampette
0%
98 Les frères Topla
0%
27 Lionguiste
0%
247 Lunatio
0%
127 Maindécis
0%
102 Maintendante
0%
139 Malocoeur
0%
135 Maracraque
0%
59 Marceauterelle
0%
35 Mata hase
0%
96 Maudestique
0%
148 Médisansss
0%
243 Meuhlinda
0%
10 Moinon
0%
210 Momignorante
0%
197 Moqua Glacé
0%
117 M. Orthograffe
0%
72 Moufpète
0%
49 Mulangeur
0%
46 Navétéran
0%
47 Navigarmateur
0%
198 Normaline
0%
13 Nunchucky
0%
192 Octorbot
0%
202 Oeuxcellence
0%
142 Oridjinn
0%
161 Originyan
0%
193 Orqanos Lu Bu
0%
208 Otempourmoa
0%
37 Otto
0%
147 Outransss
0%
61 Pain surprise
0%
224 Pandore
0%
95 Papana Split
0%
97 Papécolo
0%
176 Papi Charles
0%
137 Persépoil
0%
42 Piètros
0%
48 Pogorille
0%
41 Pot-au-meuh
0%
157 Poulpétard
0%
156 Poulpulaire
0%
216 Procrastinocch.
0%
29 Pr Plumage
0%
66 Quésacourt
0%
73 Raton Glandeur
0%
133 Rengainaël
0%
115 Rocky Badboya
0%
163 Roi Jibanyan
0%
162 Scientifiborg Y
0%
134 Seulimane
0%
12 Shurikenny
0%
119 Sinécureuil
0%
34 Sodartha
0%
54 Squale Masqué
0%
25 Steuf
0%
223 S. Tromplamor
0%
3 Superfouetar
0%
185 Supernyan
0%
53 Superrobonyan
0%
104 Supervolt
0%
103 Survolt
0%
81 Sushinyan
0%
136 Taïbasse
0%
99 Tatartelette
0%
58 Tatinmarre
0%
196 Taupe-modèle
0%
82 Tempurasan
0%
175 T. Energison
0%
83 Tenguriginal
0%
110 Tête de lard
0%
129 Théopportun
0%
145 Thépacap
0%
106 Timouchar
0%
212 Tofupyon
0%
15 Toutournemal
0%
207 Trèchérubine
0%
130 Triopportun
0%
191 Tristos
0%
118 TuKappa
0%
152 Tyragédie
0%
120 Usapyon Zhongda
0%
165 Valet Komasan
0%
57 Vertipiou
0%
30 Volroulo
0%
28 Wattson
0%
132 Werner Avif
0%
219 W. Kongming
0%
6 XXL de bain
0%
188 Yogaratoi
0%
51 Zozoparleur
0%
Aucun quiz correspondant
Distribution des résultats
% des personnes avec chaque résultat
Percentile par nombre de réponses
Votre historique - résultats
Vous n’avez pas pris ce quiz